Statistiques concernant Quiz Big Bang Theory (Facile)

Cliquez ici pour prendre le quiz!

Statistiques générales

  • Ce quiz a été pris 402 fois
  • Le résultat moyen est 17 sur 20

Statistiques - réponses

HintRéponse% Correct
Qui est le Dr. Koothrappali ?Raj
96%
Qui est le Dr. Cooper ?Sheldon
95%
... est le plus intelligentSheldon
94%
... et Howard sont en couplesBernadette
93%
Qui n'arrive pas à parler aux femmes ?Raj
93%
... et Léonard sont en couplesPenny
92%
... et Sheldon sont en couplesAmy
91%
... est colocataire avec SheldonLéonard
91%
Elle arrive dès la saison 1Penny
91%
... souhaite devenir astronauteHoward
90%
... souhaite devenir une starPenny
88%
Il n'a pas de doctoratHoward
86%
Il possède des lunettesLéonard
84%
... a étudié au MITHoward
82%
... est neurobiologisteAmy
77%
... est physicien expérimentalLéonard
77%
... est microbiologisteBernadette
75%
... est astrophysicienRaj
74%
... est physicien théoricienSheldon
71%
... arrive dans la saison 3Amy
41%

Distribution des résultats

Percentile par nombre de réponses

% des personnes avec chaque résultat

Votre développement - résultats

Vous n’avez pas pris ce quiz